Himpunan makalah wanita dan pembangunan di Malaysia : (Record no. 109577)

MARC details
000 -LEADER
fixed length control field 00854nam a2200241 i 4500
001 - CONTROL NUMBER
control field C2-0306739
003 - CONTROL NUMBER IDENTIFIER
control field PPAK
005 - DATE AND TIME OF LATEST TRANSACTION
control field 20180728093126.0
008 - FIXED-LENGTH DATA ELEMENTS--GENERAL INFORMATION
fixed length control field 101215s2010 my a|||| ||||| | may d
020 ## - INTERNATIONAL STANDARD BOOK NUMBER
International Standard Book Number 9789675997051 ; 9675997052
040 ## - CATALOGING SOURCE
Original cataloging agency PPAK
Language of cataloging eng
Transcribing agency PPAK
Description conventions rda
082 04 - DEWEY DECIMAL CLASSIFICATION NUMBER
Classification number 305.409595
Edition number 23
090 00 - LOCALLY ASSIGNED LC-TYPE CALL NUMBER (OCLC); LOCAL CALL NUMBER (RLIN)
Classification number (OCLC) (R) ; Classification number, CALL (RLIN) (NR) 305.409595
Feature heading JAM
Feature heading R
100 0# - MAIN ENTRY--PERSONAL NAME
Personal name Jamilah Ariffin,
Relator term author
245 10 - TITLE STATEMENT
Title Himpunan makalah wanita dan pembangunan di Malaysia :
Remainder of title satu kesinambungan menyusuli perubahan selama empat dekad
264 #1 - PRODUCTION, PUBLICATION, DISTRIBUTION, MANUFACTURE, AND COPYRIGHT NOTICE
Place of production, publication, distribution, manufacture Petaling Jaya, Selangor :
Name of producer, publisher, distributor, manufacturer MPH Group Publishing ,
Date of production, publication, distribution, manufacture, or copyright notice 2010
300 ## - PHYSICAL DESCRIPTION
Extent xxiv, 434 pages :
Other physical details colour illustrations ;
Dimensions 25 cm
336 ## - CONTENT TYPE
Source rdacontent
Content type term text
337 ## - MEDIA TYPE
Source rdamedia
Media type term unmediated
338 ## - CARRIER TYPE
Source rdacarrier
Carrier type term volume
650 10 - SUBJECT ADDED ENTRY--TOPICAL TERM
Topical term or geographic name entry element Women in development - Malaysia. ; Women - Malaysia - Social conditions.
942 ## - ADDED ENTRY ELEMENTS (KOHA)
-- dc
Koha item type Book
Holdings
Withdrawn Not for loan Current library Shelving location Date acquired Full call number Barcode Date last seen Koha item type
  Not For Loan Perpustakaan Alor Setar Rujukan Dewasa 22/12/2010 R 305.409595 JAM A01345610 09/05/2018 Book
  Not For Loan Perpustakaan Awam Sungai Petani Rujukan Dewasa 22/12/2010 R 305.409595 JAM A01345611 09/05/2018 Book
  Not For Loan Perpustakaan Baling Rujukan Dewasa 22/12/2010 R 305.409595 JAM A01345614 09/05/2018 Book
  Not For Loan Perpustakaan Jitra Rujukan Dewasa 22/12/2010 R 305.409595 JAM A01345612 09/05/2018 Book
  Not For Loan Perpustakaan Kulim Rujukan Dewasa 22/12/2010 R 305.409595 JAM A01345613 09/05/2018 Book
  Not For Loan Perpustakaan Merbok Rujukan Dewasa 22/12/2010 R 305.409595 JAM A01345615 09/05/2018 Book